V znamení Bratislavčanov

Bibliographic Details
Main Author: Adamčiaková, Vlasta (Author)
Format: Article
Language:Czech
Subjects:

MARC

LEADER 00000nab a2200000 a 4500
001 vtls010071582
003 SK-MaSNL
005 20260303210316.0
008 100304 1974 xo 000 0 cze
015 |a SNBRB1974 
040 |a SNKBUCL  |b slo  |c SNKBUCL  |e AACR2 
041 0 |a cze 
044 |a xo  |c SK 
080 |a 78.079  |2 2001 
100 1 |a Adamčiaková, Vlasta  |4 aut  |9 378396 
245 1 0 |a V znamení Bratislavčanov  |c Vlasta Adamčiaková 
611 2 7 |a Bratislavské hudobné slávnosti  |n (10. :  |d 1974 :  |c Bratislava, Slovensko)  |2 snkbucl  |9 36190 
650 0 7 |a hudobné festivaly  |2 snkbucl  |9 2958 
650 0 7 |a koncerty  |2 snkbucl  |9 19182 
773 0 |t Večerník  |g (10.10.1974), s. 5 
999 |c 2199730  |d 2201660